Statistics for Famous People by Signature #1

Click here to take the quiz!

General Stats

  • This quiz has been taken 55 times
    (31 since last reset)
  • The average score is 6 of 12

Answer Stats

Answer% Correct
Elvis Presley
97%
John Quincy Adams
90%
Freddie Mercury
81%
George Harrison
77%
Stephen Hawking
68%
Arnold Schwarzenegger
61%
John F. Kennedy
55%
Stan Lee
39%
Stephen Hillenburg
26%
Bill Gates
23%
John Lennon
16%
Chris Pratt
3%

Score Distribution

Percentile by Number Answered

Percent of People with Each Score

Your Score History

You have not taken this quiz since the last reset